[Event "Tourn. n8569"]
[Site "www.chess-mail.com"]
[Date "2016.03.13"]
[Round "1"]
[White "Loper10"]
[Black "Seger"]
[WhiteElo "2620"]
[BlackElo "2770"]
[Result "1/2-1/2"]
[Round "1"]
1.Ng1f3 d5
2.d4 Bc8f5
3.c4 e6
4.Nb1c3 c6
5.e3 Nb8d7
6.Bf1d3 Bf5xd3
7.Qd1xd3 Bf8b4
8.O-O Ng8f6
9.Bc1d2 a5
10.a3 Bb4e7
11.b3 Qd8b6
12.Rf1e1 O-O
13.e4 Nf6xe4
14.Nc3xe4 dxe4
15.Re1xe4 Rf8d8
16.Qd3c2 Nd7f6
17.Re4e1 Qb6c7
18.h3 c5
19.dxc5 Qc7xc5
20.a4 Nf6d7
21.Ra1d1 Qc5b6
22.Nf3g5 g6
23.Ng5e4 Nd7c5
24.Ne4xc5 Be7xc5
25.Bd2c3 Rd8xd1
26.Re1xd1 Ra8d8
27.Rd1xd8 Qb6xd8
28.g3 Qd8d6
29.Kh2 Qd6b6
30.Qc2d2 e5
31.Bc3xe5 Bc5xf2
32.Qd2f4 Bf2c5
33.Qf4f6 Qb6xf6
{ draw }
1/2-1/2

[Event "Tourn. n8623"]
[Site "www.chess-mail.com"]
[Date "2016.03.13"]
[Round "1"]
[White "Gatrooper"]
[Black "Elogic"]
[WhiteElo "1660"]
[BlackElo "1850"]
[Result "0-1"]
[Round "1"]
1.e4 c5
2.c4 Nb8c6
3.Ng1f3 e5
4.d3 Ng8f6
5.h3 g6
6.Nb1c3 Nc6d4
7.Nf3xd4 cxd4
8.Nc3e2 Qd8a5
9.Bc1d2 Bf8b4
10.Bd2xb4 Qa5xb4
11.Qd1d2 Qb4b6
12.b4 a6
13.c5 Qb6b5
14.a3 O-O
15.g4 b6
16.g5 Nf6h5
17.Bf1g2 bxc5
18.Bg2f3 Nh5f4
19.Ne2xf4 exf4
20.e5 Ra8a7
21.bxc5 Qb5xc5
22.Qd2xf4 Qc5c3
23.Ke2 Qc3b2
24.Qf4d2 Qb2b8
25.Kf1 Qb8xe5
26.Ra1e1 Qe5c5
27.h4 Qc5xa3
28.h5 Bc8b7
29.Bf3xb7 Ra7xb7
30.Kg2 Rb7b3
31.h6 Rb3xd3
32.Qd2f4 Rd3f3
33.Qf4e5 f6
34.gxf6 Rf3xf6
35.Rh1h3 Qa3b4
36.Re1d1 Rf6xf2
37.Kg1 Rf2f7
38.Rh3h2 Qb4b6
39.Rh2e2 d3
40.Qe5e3 dxe2
41.Qe3xb6 exd1Q
42.Kh2 Qd1h5
43.Kg3 Rf7f3
44.Kg2 Qh5h3
45.Kg1 Rf3f1

0-1

[Event "Tourn. n8651"]
[Site "www.chess-mail.com"]
[Date "2016.03.13"]
[Round "1"]
[White "Sorren"]
[Black "Cal"]
[WhiteElo "1790"]
[BlackElo "1760"]
[Result "1-0"]
[Round "1"]
1.e4 e5
2.Ng1f3 d6
3.d4 exd4
4.Nf3xd4 c5
5.Nd4f3 h6
6.Nb1c3 Ng8f6
7.Bf1b5 Bc8d7
8.Bb5xd7 Qd8xd7
9.Bc1f4 Nb8c6
10.O-O Bf8e7
11.Rf1e1 O-O
12.Nc3d5 Nf6xd5
13.exd5 Nc6b4
14.a3 Nb4a6
15.Qd1d2 Be7f6
16.c3 Na6c7
17.Ra1d1 b5
18.b4 c4
19.Nf3d4 a6
20.h3 Nc7xd5
21.Bf4g3 Qd7f5
22.Nd4xf5 Nd5b6
23.Qd2xd6 Bf6xc3
24.Qd6xb6 Bc3xe1
25.Rd1xe1 Rf8b8
26.Bg3xb8 Kh7
27.Qb6b7 Ra8xb8
28.Qb7xb8 g6
29.Re1e7 gxf5
30.Re7xf7 Kg6
31.Qb8g8 Kh5
32.Rf7xf5 Kh4
33.Qg8g4 
1-0

[Event "Match"]
[Site "www.echecsemail.com"]
[Date "2016.03.13"]
[Round "1"]
[White "Ledzepp"]
[Black "Afrikanu007"]
[WhiteElo "1219"]
[BlackElo "1499"]
[Result "1/2-1/2"]
[Round "1"]
1.d4 d5
2.Nb1c3 e6
3.Bc1f4 Bf8b4
4.Bf4e5 f6
5.Be5f4 Bb4xc3
6.bxc3 Ng8e7
7.Qd1d3 O-O
8.c4 b6
9.e4 c6
10.cxd5 cxd5
11.Qd3g3 Bc8b7
12.e5 Ne7f5
13.Qg3g4 Nf5xd4
14.exf6 Qd8xf6
15.Bf1d3 e5
16.Bf4g5 Qf6xf2
17.Kd1 Bb7c8
18.Qg4h5 e4
19.Ng1h3 Bc8xh3
20.Bg5h4 Qf2f5
21.Qh5xf5 Bh3xf5
22.Bd3f1 Bf5g4
23.Kd2 Nb8c6
24.c3 Nd4e6
25.Bf1b5 Nc6e5
26.Bh4g3 Ne5c4
27.Ke1 Nc4a3
28.Bb5a4 Ra8c8
29.Bg3d6 Na3c2
30.Ba4xc2 Rf8f7
31.Bc2b3 d4
32.cxd4 Rf7d7
33.Bd6e5 Kf7
34.Rh1f1 Ke7
35.Ra1d1 Bg4xd1
36.Bb3xd1 b5
37.Kd2 Rc8f8
38.Rf1e1 Ne6xd4
39.Ke3 Nd4c6
40.Be5xg7 Rf8d8
41.Bd1c2 Nc6b4
42.Bc2xe4 Nb4xa2
43.Re1a1 Kf7
44.Bg7b2 Na2b4
45.Ra1f1 Kg8
46.Be4b1 Nb4d5
47.Kd2 Nd5b4
48.Kc3 Nb4d5
49.Kb3 Nd5b6
50.Rf1f4 Rd7f7
51.Rf4g4 Kf8
52.Bb1e4 a5
53.Rg4g5 Nb6c4
54.Bb2c3 Nc4d2
55.Bc3xd2 Rd8xd2
56.Rg5xb5 Rf7a7
57.Kc3 Rd2d7
58.Kb3 Rd7d4
59.Rb5f5 Kg7
60.Be4c2 Rd4d2
61.Rf5g5 Kf6
62.Rg5g4 h5
63.Rg4g6 Ke5
64.Rg6g5 Kd4
65.Bc2g6 a4
66.Ka3 Kc3
67.Bg6xh5 Rd2b2
68.Rg5c5 Kd2
69.Kxb2 Ra7h7
70.g4 Ke3
71.g5 Rh7xh5
72.Rc5c3 Kd4
73.Rc3g3 Rh5xh2
74.Ka3 Ke5
75.g6 Rh2h8
76.Kxa4 Rh8g8
77.Kb5 Kf6
78.Kc5 Rg8g7
79.Kd4 Rg7e7
80.Kd5 Re7g7
81.Ke4 Rg7xg6
82.Rg3xg6 Kxg6
83.Kf4 { draw }
1/2-1/2

[Event "Match"]
[Site "www.echecsemail.com"]
[Date "2016.03.13"]
[Round "1"]
[White "Tonino1"]
[Black "Calponas"]
[WhiteElo "2030"]
[BlackElo "2130"]
[Result "0-1"]
[Round "1"]
1.d4 f5
2.Ng1f3 Ng8f6
3.e3 e6
4.Bf1d3 d5
5.b3 Nb8d7
6.Bc1b2 Bf8e7
7.Nb1d2 Nf6e4
8.O-O Nd7f6
9.Ra1c1 c6
10.Nf3e5 O-O
11.f3 Ne4xd2
12.Qd1xd2 Bc8d7
13.c4 Ra8c8
14.c5 b6
15.Bd3a6 Rc8c7
16.cxb6 axb6
17.Rc1c2 Qd8a8
18.Ba6e2 Qa8xa2
19.Rf1a1 Qa2xb3
20.Ra1c1 Rf8c8
21.Qd2d3 Qb3xd3
22.Be2xd3 c5
23.Bb2a3 Kf8
24.Ne5xd7 Nf6xd7
25.Bd3b5 c4
26.Ba3xe7 Kxe7
27.g3 Nd7b8
28.e4 fxe4
29.fxe4 Nb8c6
30.exd5 exd5
31.Rc2e2 Kf7
32.Rc1f1 Kg8
33.Bb5xc6 Rc7xc6
34.Re2e7 Rc8f8
35.Rf1c1 Rc6d6
36.Rc1a1 Rf8d8
37.Ra1a7 Rd6g6
38.Ra7d7 Rd8xd7
39.Re7xd7 Rg6c6
40.Rd7xd5 c3
41.Rd5d8 Kf7
42.Rd8d7 Kg6
 { time }
0-1

[Event "Match"]
[Site "www.echecsemail.com"]
[Date "2016.03.13"]
[Round "1"]
[White "Wagner"]
[Black "Sorren"]
[WhiteElo "1720"]
[BlackElo "1790"]
[Result "0-1"]
[Round "1"]
1.e4 e5
2.Bf1c4 Ng8f6
3.d3 Nb8c6
4.Bc1d2 Bf8e7
5.h3 O-O
6.a3 d6
7.Ng1f3 Bc8e6
8.Nf3g5 Be6xc4
9.dxc4 h6
10.Ng5f3 Nf6xe4
11.h4 Ne4xd2
12.Nb1xd2 Be7f6
13.Nd2e4 Rf8e8
14.Nf3g5 Qd8d7
15.Ng5f3 Qd7f5
16.Qd1d3 Nc6d4
17.O-O-O c6
18.Rh1h3 d5
19.cxd5 cxd5
20.Nf3xd4 Qf5xe4
21.Nd4f3 Qe4xd3
22.cxd3 Re8c8
23.Kb1 Rc8c7
24.Rh3h1 Ra8c8
25.Rh1f1 Rc7c2
26.d4 e4
27.Nf3e1 Rc2c4
28.g3 Bf6xd4
29.Ne1g2 Rc8d8
30.Ng2f4 b5
31.Nf4e2 Bd4f6
32.Rd1d2 d4
33.b3 Rc4c8
34.Ne2f4 Rc8c3
35.Kb2 d3
36.Rf1e1 Rc3c2
{ resign }
0-1

[Event "Match"]
[Site "www.echecsemail.com"]
[Date "2016.03.13"]
[Round "1"]
[White "Pariolinius"]
[Black "Matchbox"]
[WhiteElo "1840"]
[BlackElo "1690"]
[Result "0-1"]
[Round "1"]
1.e4 d6
2.c4 c5
3.Ng1f3 Nb8c6
4.d4 cxd4
5.Nf3xd4 Ng8f6
6.Nb1c3 g6
7.Bf1e2 Bf8g7
{ resign }
0-1

[Event "Match"]
[Site "www.echecsemail.com"]
[Date "2016.03.13"]
[Round "1"]
[White "Elogic"]
[Black "Krystek23"]
[WhiteElo "1830"]
[BlackElo "2180"]
[Result "0-1"]
[Round "1"]
1.Ng1f3 Ng8f6
2.c4 d6
3.e3 e5
4.d3 Bf8e7
5.Bf1e2 h6
6.O-O O-O
7.Bc1d2 c6
8.Nb1c3 Bc8e6
9.Qd1c2 Nb8d7
10.b3 Ra8c8
11.e4 Qd8c7
12.Bd2e3 d5
13.exd5 Nf6xd5
14.cxd5 cxd5
15.Nf3d4 exd4
16.Be3xd4 Be7f6
17.Bd4xf6 Nd7xf6
18.d4 Qc7xc3
19.Qc2d1 Be6f5
20.g4 Bf5c2
21.Qd1e1 Qc3xd4
22.Ra1c1 Nf6xg4
23.Be2f3 Qd4f4
{ resign }
0-1

[Event "Match"]
[Site "www.echecsemail.com"]
[Date "2016.03.13"]
[Round "1"]
[White "Pinehill"]
[Black "Castletyme"]
[WhiteElo "2060"]
[BlackElo "1830"]
[Result "1-0"]
[Round "1"]
1.e4 e6
2.d4 d5
3.Nb1d2 dxe4
4.Nd2xe4 Ng8f6
5.Bc1g5 Bf8e7
6.Ne4xf6 Be7xf6
7.Bg5xf6 Qd8xf6
8.Ng1f3 O-O
9.c3 Nb8c6
10.Bf1d3 Nc6e7
11.Qd1d2 Ne7g6
12.Bd3xg6 Qf6xg6
13.O-O b6
14.Nf3e5 Qg6f6
15.f4 Qf6e7
16.Ra1e1 Bc8b7
17.f5 f6
18.Ne5f3 Bb7xf3
19.Rf1xf3 e5
20.dxe5 fxe5
21.Qd2d5 Kh8
22.Qd5xe5 Qe7d7
23.f6 Rf8xf6
24.Rf3xf6 gxf6
25.Qe5xf6 Qd7g7
26.Qf6xg7 Kxg7
27.Re1e7 Kh6
28.Re7xc7 Ra8d8
29.Rc7xa7 Rd8d1
30.Kf2 Rd1d2
31.Kg3 Rd2xb2
32.Ra7a6 Rb2c2
33.Ra6xb6 Kg5
34.h4 Kf5
35.Rb6c6 { resign }
1-0

[Event "Match"]
[Site "www.echecsemail.com"]
[Date "2016.03.13"]
[Round "1"]
[White "Chessexpert"]
[Black "Daquata"]
[WhiteElo "1400"]
[BlackElo "1590"]
[Result "1-0"]
[Round "1"]
1.Ng1f3 d5
2.d4 Ng8f6
3.Nb1c3 Nb8c6
4.Bc1f4 e6
5.e3 Bf8b4
6.Bf1d3 Kf8
7.O-O { resign }
1-0

[Event "1/64 Finale"]
[Site "www.chess-mail.com"]
[Date "2016.03.13"]
[Round "1"]
[White "Sik"]
[Black "Genius1"]
[WhiteElo "1680"]
[BlackElo "1480"]
[Result "1-0"]
[Round "1"]
1.e4 e5
2.Ng1f3 Nb8c6
3.Bf1b5 a6
4.Bb5xc6 dxc6
5.d3 f6
6.Nf3xe5 fxe5
7.Qd1h5 Ke7
8.Qh5xe5 Bc8e6
9.Bc1e3 Ng8f6
10.h3 Qd8d6
11.Be3c5 { resign }
1-0

[Event "1/32 Finale"]
[Site "www.chess-mail.com"]
[Date "2016.03.13"]
[Round "1"]
[White "Asoka"]
[Black "Jaroslavpech"]
[WhiteElo "2700"]
[BlackElo "2020"]
[Result "1-0"]
[Round "1"]
1.e4 c6
2.d4 d5
3.exd5 cxd5
4.c4 Ng8f6
5.Ng1f3 e6
6.Nb1c3 Bf8b4
7.Bf1d3 dxc4
8.Bd3xc4 O-O
9.O-O a6
10.Bc4d3 b5
11.a4 bxa4
12.Nc3xa4 Bc8b7
13.Bc1f4 Nb8d7
14.Qd1e2 Nd7b6
15.Na4c3 a5
16.Ra1c1 Ra8c8
17.Bf4e5 Nb6d5
18.Nc3b5 Rc8xc1
19.Rf1xc1 Nf6h5
20.g3 g6
21.Rc1c5 Nh5g7
22.Nb5d6 Bb7a8
23.Rc5c8 Qd8e7
24.Rc8xf8 Qe7xf8
25.Be5xg7 Kxg7
26.Nd6c4 Qf8c8
27.Nf3d2 Qc8b7
28.Bd3e4 Qb7b5
29.Nd2f3 Bb4e7
30.Nf3d2 Be7f6
31.Qe2d3 a4
32.Be4f3 Ba8b7
33.Nd2e4 Bb7a6
34.Ne4xf6 Nd5xf6
35.Bf3e2  { time }
1-0

[Event "1/32 Finale"]
[Site "www.chess-mail.com"]
[Date "2016.03.13"]
[Round "1"]
[White "Snoopy"]
[Black "Mrfunk"]
[WhiteElo "2409"]
[BlackElo "2210"]
[Result "0-1"]
[Round "1"]
1.b3 d5
2.Bc1b2 Bc8g4
3.h3 Bg4h5
4.g4 Bh5g6
5.e3 Ng8f6
6.Ng1f3 e6
7.Bf1b5 c6
8.Bb5e2 Nb8d7
9.d4 Nf6e4
10.O-O Bf8d6
11.Nb1d2 h5
12.g5 { time. }
0-1

[Event "Fast Game"]
[Site "www.echecsemail.com"]
[Date "2016.03.13"]
[Round "1"]
[White "Add"]
[Black "Cal"]
[WhiteElo "1689"]
[BlackElo "1550"]
[Result "1-0"]
[Round "1"]
1.e4 e5
2.Ng1f3 d6
3.h3 h6
4.Nb1c3 Ng8f6
5.d4 exd4
6.Nf3xd4 Bc8d7
7.Bf1c4 c6
8.O-O Bf8e7
9.Nd4f5 Bd7xf5
10.exf5 b5
11.Bc4d3 b4
12.Nc3e4 Nf6d5
13.Ne4g3 f6
14.Qd1h5 Kf8
15.Rf1e1 Nb8d7
16.a3 Nd7e5
17.Bd3e4 Nd5b6
18.Ng3e2 Qd8c7
19.Ne2f4 Ne5f7
20.Nf4e6 Kg8
21.Ne6xc7 Ra8c8
22.Nc7e6 d5
23.Be4d3 Nf7e5
24.Ne6f4 Ne5f7
25.Nf4g6 Rh8h7
26.Ng6xe7 Kf8
27.Ne7xc8 Nb6d7
28.Re1e7 Nd7e5
29.f4 g6
30.fxg6 Ne5xd3
31.gxh7 Nd3e5
32.fxe5 { resign }
1-0

[Event "Fast Game"]
[Site "www.echecsemail.com"]
[Date "2016.03.13"]
[Round "1"]
[White "Matchbox"]
[Black "Joseph1983"]
[WhiteElo "1879"]
[BlackElo "1929"]
[Result "1-0"]
[Round "1"]
1.d4 Ng8f6
2.c4 c5
3.Ng1f3 cxd4
4.Nf3xd4 g6
5.Nb1c3 Bf8g7
6.e4 d6
7.Bf1e2 O-O
8.Bc1e3 Nb8c6
9.Qd1d2 Bc8d7
10.O-O Nf6g4
11.Be2xg4 Bd7xg4
12.f3 Bg4d7
13.Ra1d1 Ra8c8
14.b3 Nc6e5
15.Be3h6 a6
16.Bh6xg7 Kxg7
17.Nd4e2 b5
18.cxb5 Bd7xb5
19.Nc3xb5 axb5
20.Rd1c1 Qd8b6
21.Kh1  { time }
1-0

[Event "Tourn. n8674"]
[Site "www.chess-mail.com"]
[Date "2016.03.14"]
[Round "1"]
[White "Bojan"]
[Black "Piekki"]
[WhiteElo "2070"]
[BlackElo "2020"]
[Result "0-1"]
[Round "1"]
1.e4 c5
2.Ng1f3 Nb8c6
3.d4 cxd4
4.Nf3xd4 e5
5.Nd4f5 d5
6.f3 Ng8f6
7.Bf1d3 dxe4
8.fxe4 Bc8xf5
9.exf5 Bf8c5
10.a3 Qd8d4
11.Qd1f3 e4
12.Qf3e2 O-O-O
13.Bd3c4 Nc6e5
14.Bc4a2 Rh8e8
15.Nb1d2 Ne5f3
16.Kd1 Nf3xd2
17.c3 Qd4d7
18.Kc2 e3
19.b3 Qd7xf5
20.Kb2 Qf5f2
21.Rh1e1 Nf6e4
22.b4 Qf2f6
23.Bc1xd2 exd2
24.Qe2g4 Kb8
25.Re1xe4 Re8xe4
26.Qg4xe4 Bc5xb4
27.Qe4f3 Bb4xa3
28.Kxa3 Qf6xf3
29.gxf3 d1Q
{ resign }
0-1

[Event "Tourn. n8612"]
[Site "www.chess-mail.com"]
[Date "2016.03.14"]
[Round "1"]
[White "Fbeley"]
[Black "Gatrooper"]
[WhiteElo "1829"]
[BlackElo "1600"]
[Result "1-0"]
[Round "1"]
1.e4 e5
2.Ng1f3 Nb8c6
3.Bf1c4 d6
4.O-O Bc8e6
5.Bc4xe6 fxe6
6.d3 h6
7.Nb1c3 Ng8f6
8.Bc1d2 a6
9.a4 Bf8e7
10.Nc3a2 Nf6g4
11.h3 Ng4f6
12.c4 d5
13.b4 dxe4
14.dxe4 Nf6xe4
15.c5 Ne4xd2
16.Nf3xd2 Be7f6
17.Nd2e4 Qd8xd1
18.Rf1xd1 O-O
19.Rd1d7 Ra8c8
20.Ra1d1 Rf8d8
21.b5 Rd8xd7
22.Rd1xd7 Nc6d4
23.Na2c3 Bf6h4
24.g3 Bh4f6
25.h4 axb5
26.axb5 b6
27.cxb6 cxb6
28.Kf1 Rc8f8
29.Ne4xf6 Rf8xf6
30.Kg2 Kh7
31.Rd7b7 Nd4f5
32.Rb7xb6 Rf6g6
33.Rb6c6 Nf5d4
34.Rc6c5 e4
35.Nc3xe4 Nd4b3
36.Rc5e5 Nb3d4
37.b6 Nd4c6
38.Re5c5 Nc6b8
39.Rc5c8 Nb8a6
40.b7 e5
41.Ne4c5 Rg6b6
42.Nc5xa6 Rb6xb7
43.h5 e4
44.Na6c5 Rb7b2
45.Nc5xe4 Rb2e2
46.Ne4d6 g5
47.Rc8c7 Kg8
48.Nd6f5 g4
49.Nf5xh6 Kf8
50.Nh6xg4 Ke8
51.h6 Kd8
52.Rc7a7 Re2e8
53.h7 Re8f8
54.Ra7g7 Rf8h8
55.Rg7g8 Rh8xg8
56.hxg8Q Ke7
57.Qg8g6 Kd7
58.Ng4e5 Kc8
59.Qg6f7 Kb8
60.Qf7d7 Ka8
61.g4 { resign }
1-0

[Event "Tourn. n8641"]
[Site "www.chess-mail.com"]
[Date "2016.03.14"]
[Round "1"]
[White "Daquata"]
[Black "Cal"]
[WhiteElo "1630"]
[BlackElo "1740"]
[Result "1-0"]
[Round "1"]
1.e4 c5
2.Ng1f3 a6
3.d4 cxd4
4.Nf3xd4 e5
5.Nd4f3 Nb8c6
6.Nb1c3 h6
7.Bf1c4 Ng8f6
8.O-O d6
9.Rf1e1 Bf8e7
10.Bc1e3 O-O
11.h3 Bc8e6
12.Bc4b3 b5
13.Be3d2 Be6xb3
14.axb3 Qd8d7
15.Nc3d5 Nf6h5
16.Nf3xe5 Nc6xe5
17.Qd1xh5 f5
18.Nd5b6 Qd7c7
19.Nb6xa8 Rf8xa8
20.exf5 Be7f6
21.Bd2c3 Ra8f8
22.Ra1xa6 Qc7c5
23.Bc3xe5 Bf6xe5
24.Qh5e2 Rf8xf5
25.Ra6a5 Be5xb2
26.b4 Qc5xb4
27.Qe2e6 Rf5f7
28.Ra5a8 Kh7
29.Re1b1 Rf7f6
30.Qe6a2 Qb4d4
31.Qa2xb2 Qd4xf2
32.Kh1 Rf6g6
33.c3 Qf2e3
34.Qb2xb5 Qe3xc3
35.Ra8d8 Rg6g5
36.Qb5b4 Qc3f6
37.Qb4e4 Rg5g6
38.Rb1b8 Qf6f1
39.Kh2 Qf1xg2
40.Qe4xg2 Rg6xg2
41.Kxg2 { resign }
1-0

[Event "Tourn. n8672"]
[Site "www.chess-mail.com"]
[Date "2016.03.14"]
[Round "1"]
[White "Matchbox"]
[Black "Daquata"]
[WhiteElo "1690"]
[BlackElo "1630"]
[Result "1-0"]
[Round "1"]
1.c4 Ng8f6
2.b3 d6
3.Bc1b2 Nb8c6
4.Ng1f3 Bc8g4
5.h3 Bg4xf3
6.exf3 e5
7.Nb1c3 Bf8e7
8.Bf1e2 O-O
9.O-O Nc6d4
10.Nc3e4 Nd4xe2
11.Qd1xe2 c6
12.Ne4g3 Rf8e8
13.Rf1e1 Be7f8
14.d3 Qd8b6
15.Qe2e3 g6
16.Bb2c3 Bf8g7
17.Qe3d2 Nf6h5
18.Ng3xh5 { resign }
1-0

[Event "Tourn. n8662"]
[Site "www.chess-mail.com"]
[Date "2016.03.14"]
[Round "1"]
[White "Daquata"]
[Black "Hansen"]
[WhiteElo "1630"]
[BlackElo "1620"]
[Result "1-0"]
[Round "1"]
1.e4 d5
2.exd5 Qd8xd5
3.Nb1c3 Qd5d4
4.Ng1f3 Qd4c5
5.d4 Qc5f5
6.Bf1d3 Qf5e6
7.Bc1e3 Nb8c6
8.O-O g6
9.d5 Qe6g4
10.dxc6 bxc6
11.h3 Qg4h5
12.Bd3e4 Bc8b7
13.Rf1e1 f5
14.Be4d3 c5
15.Bd3b5 Kf7
16.Nf3e5 Kg7
17.Qd1xh5 gxh5
18.Be3xc5 Ng8f6
19.Bc5d4 Nf6d5
20.Nc3xd5 Bb7xd5
21.Ne5d7 Kg8
22.Bd4xh8 Ra8d8
23.Nd7xf8 Rd8xf8
24.Bh8c3 f4
25.Re1xe7 Bd5f7
26.Re7xc7 f3
27.g3 Rf8d8
28.Bb5c6 Rd8d6
29.Bc6xf3 h4
30.Rc7c8 { resign }
1-0

[Event "Tourn. n8662"]
[Site "www.chess-mail.com"]
[Date "2016.03.14"]
[Round "1"]
[White "Shlomo"]
[Black "Grimsby"]
[WhiteElo "1469"]
[BlackElo "1520"]
[Result "1-0"]
[Round "1"]
1.e4 c5
2.d4 cxd4
3.Ng1f3 d6
4.Nf3xd4 Ng8f6
5.Bf1d3 g6
6.O-O Bf8g7
7.Bd3b5 Bc8d7
8.Rf1e1  { time }
1-0

[Event "Tourn. n8629"]
[Site "www.chess-mail.com"]
[Date "2016.03.14"]
[Round "1"]
[White "Cal"]
[Black "Olddog55"]
[WhiteElo "1650"]
[BlackElo "1570"]
[Result "0-1"]
[Round "1"]
1.Nb1c3 e5
2.a3 Ng8f6
3.e4 Nb8c6
4.d3 Bf8e7
5.h3 O-O
6.b4 d5
7.exd5 Nf6xd5
8.Nc3e4 Bc8d7
9.Bc1b2 f5
10.Ne4g3 f4
11.Ng3e4 Bd7f5
12.Ng1f3 a5
13.Bb2xe5 axb4
14.a4 b3
15.cxb3 Be7b4
16.Ne4d2 Rf8e8
17.Bf1e2 Nc6xe5
18.Nf3d4 Ne5xd3
19.Kf1 Qd8f6
20.Nd4xf5 Qf6xf5
21.Nd2c4 Nd5c3
22.Be2xd3 Nc3e4
23.f3 Ne4g3
24.Kf2 Ng3xh1
25.Kg1 Qf5c5
26.Kxh1 Ra8d8
27.Qd1c2 Qc5d4
28.Bd3xh7 Kh8
29.Bh7e4 Qd4xa1
30.Kh2 Rd8d1
{ resign }
0-1

[Event "Tourn. n8564"]
[Site "www.chess-mail.com"]
[Date "2016.03.14"]
[Round "1"]
[White "Nimzo"]
[Black "Jose"]
[WhiteElo "2810"]
[BlackElo "2710"]
[Result "1-0"]
[Round "1"]
1.d4 d5
2.c4 dxc4
3.e4 e5
4.Ng1f3 exd4
5.Bf1xc4 Nb8c6
6.Qd1b3 Bf8b4
7.Nb1d2 Qd8f6
8.O-O Ng8e7
9.e5 Qf6g6
10.Nf3h4 Qg6h5
11.Nd2f3 O-O
12.h3 Ne7g6
13.g4 Bc8xg4
14.hxg4 Qh5xg4
15.Nh4g2 Ra8d8
16.Nf3h2 Qg4e4
17.Bc1g5 Ng6xe5
18.Bg5xd8 Rf8xd8
19.f4 Ne5xc4
20.Qb3xc4 Qe4f5
21.Ra1d1 Bb4a5
22.a3 Ba5b6
23.Rf1e1 Kf8
24.Qc4d3 Nc6e7
25.b3 g6
26.Nh2f3 h6
27.b4 c6
28.Qd3xf5 Ne7xf5
29.Rd1d3 Kg7
30.Kf2 Rd8c8
31.Ng2h4 Nf5e3
32.Nf3e5 c5
33.bxc5 Rc8xc5
34.Kf3 Rc5c2
35.Re1g1 Rc2h2
36.Nh4g2 Ne3f5
37.Rg1b1 Rh2h3
38.Kf2 Rh3xd3
39.Ne5xd3 Nf5d6
40.Ke2 f6
41.Nd3b2 { resign }
1-0

[Event "Tourn. n8643"]
[Site "www.chess-mail.com"]
[Date "2016.03.14"]
[Round "1"]
[White "Gfalk"]
[Black "Woody"]
[WhiteElo "1969"]
[BlackElo "1810"]
[Result "0-1"]
[Round "1"]
1.f4 d5
2.Ng1f3 e6
3.g3 Ng8f6
4.Bf1g2 c5
5.d3 Nb8c6
6.O-O Bf8e7
7.c3 O-O
8.Qd1e1 b6
9.e4 dxe4
10.dxe4 Bc8a6
11.Rf1f2 { time. }
0-1

[Event "Tourn. n8643"]
[Site "www.chess-mail.com"]
[Date "2016.03.14"]
[Round "1"]
[White "Gfalk"]
[Black "Amaya"]
[WhiteElo "1969"]
[BlackElo "2030"]
[Result "0-1"]
[Round "1"]
1.f4 g6
2.e4 Bf8g7
3.Ng1f3 e6
4.g3 Ng8e7
5.Bf1g2 d5
6.d3 O-O
7.O-O Nb8c6
8.c3 d4
9.c4 e5
10.fxe5 Nc6xe5
11.Nf3xe5 Bg7xe5
12.Bc1f4 Ne7c6
13.Bf4h6 Rf8e8
14.Qd1b3 Nc6a5
15.Qb3d1 Bc8e6
16.b4 { time. }
0-1

[Event "Tourn. n8631"]
[Site "www.chess-mail.com"]
[Date "2016.03.14"]
[Round "1"]
[White "Gimmyg"]
[Black "Szustan"]
[WhiteElo "2520"]
[BlackElo "2670"]
[Result "1/2-1/2"]
[Round "1"]
1.d4 d5
2.Ng1f3 Ng8f6
3.Bc1f4 c5
4.c3 Qd8b6
5.Qd1b3 Nb8c6
6.Nb1a3 c4
7.Qb3xb6 axb6
8.Na3b5 Ra8a5
9.a4 Bc8f5
10.e3 e6
11.Bf1e2 Bf8e7
12.Bf4c7 O-O
13.Bc7xb6 Ra5a6
14.Bb6c7 Rf8a8
15.Be2d1 Nf6e8
16.Bc7g3 Ra6b6
17.O-O Rb6xb5
18.axb5 Ra8xa1
19.bxc6 bxc6
20.Nf3e5 Ra1a6
21.Rf1e1 c5
22.f3 cxd4
23.e4 dxc3
{ draw }
1/2-1/2

[Event "Tourn. n8680"]
[Site "www.chess-mail.com"]
[Date "2016.03.14"]
[Round "1"]
[White "Cathar"]
[Black "Numanoid"]
[WhiteElo "2240"]
[BlackElo "2460"]
[Result "0-1"]
[Round "1"]
1.e4 g6
2.d4 Bf8g7
3.Nb1c3 d6
4.Bc1e3 Ng8f6
5.Qd1d2 O-O
6.O-O-O c6
7.f3 b5
8.g4 Qd8a5
9.Kb1 b4
{ resign }
0-1

[Event "Tourn. n8662"]
[Site "www.chess-mail.com"]
[Date "2016.03.14"]
[Round "1"]
[White "Hansen"]
[Black "Grimsby"]
[WhiteElo "1620"]
[BlackElo "1520"]
[Result "1-0"]
[Round "1"]
1.e4 e5
2.Ng1f3 d6
3.h3 Ng8f6
4.Bf1c4 Bf8e7
5.Nf3g5 O-O
6.Nb1c3 Nb8c6
7.h4 Nc6d4
8.d3 c6
9.h5  { time }
1-0

[Event "Tourn. n8504"]
[Site "www.chess-mail.com"]
[Date "2016.03.14"]
[Round "1"]
[White "Huw"]
[Black "Norlavuaram"]
[WhiteElo "2160"]
[BlackElo "2260"]
[Result "1-0"]
[Round "1"]
1.d4 Ng8f6
2.c4 g6
3.Ng1f3 d5
4.cxd5 Nf6xd5
5.e4 Nd5f6
6.Nb1c3 Bf8g7
7.h3 O-O
8.Bc1e3 c6
9.Bf1d3 Nb8d7
10.O-O Qd8c7
11.Qd1c2 Nd7b6
12.Nf3e5 Bc8e6
13.Be3f4 Qc7c8
14.b3 Rf8d8
15.Nc3e2 Nf6d7
16.Rf1d1 Nd7xe5
17.dxe5 Qc8c7
18.Ne2g3 Rd8d7
19.Qc2c3 Ra8d8
20.Bd3e2 Rd7xd1
21.Ra1xd1 Rd8xd1
22.Be2xd1 Qc7d7
23.Bd1c2 Nb6a8
24.Ng3e2 Na8c7
25.a4 b6
26.b4 Nc7a6
27.Ne2d4 c5
28.Nd4xe6 Qd7xe6
29.Bc2b3 Qe6d7
30.Qc3c4 e6
31.Qc4xa6 cxb4
32.Qa6b5 Qd7e7
33.a5 bxa5
34.Qb5xa5 h6
35.Bf4d2 Qe7b7
36.Qa5xb4 Qb7xb4
37.Bd2xb4 Bg7xe5
38.Bb3c4 Be5d4
39.Kf1 Kg7
40.f4 e5
41.fxe5 Bd4xe5
42.Bb4c5 a5
43.Bc4b3 f5
44.exf5 gxf5
45.Ke2 Kf6
46.Kd3 Kg5
47.Bc5b6 Kh4
48.Bb6xa5 f4
49.Ba5e1 Kg5
50.Ke4 { resign }
1-0

[Event "Match"]
[Site "www.echecsemail.com"]
[Date "2016.03.14"]
[Round "1"]
[White "Whitekknight"]
[Black "Darknight"]
[WhiteElo "1920"]
[BlackElo "1630"]
[Result "1-0"]
[Round "1"]
1.e4 e5
2.Ng1f3 d6
3.Bf1c4 h6
4.Nb1c3 c6
5.d4 exd4
6.Nf3xd4 a6
7.a4 Ng8f6
8.O-O Bc8g4
9.f3 Bg4h5
10.Nd4f5 g6
11.Nf5g3 g5
12.Ng3xh5 Nf6xh5
13.g3 Bf8e7
14.f4 Nh5g7
15.fxg5 Ng7e6
16.Bc4xe6 fxe6
17.Qd1h5 Kd7
18.gxh6 Kc7
19.a5 Nb8d7
20.Bc1e3 Qd8g8
21.Rf1f2 e5
22.Ra1f1 Rh8h7
23.Rf2f7 Ra8e8
24.Rf7xh7 Nd7f6
25.Rh7xe7 Re8xe7
26.Rf1xf6 Re7d7
27.Rf6g6 Qg8c4
28.Be3b6 Kc8
29.Rg6xd6 Rd7xd6
30.Qh5e8 { resign }
1-0

[Event "Match"]
[Site "www.echecsemail.com"]
[Date "2016.03.14"]
[Round "1"]
[White "Ssharp"]
[Black "Mitja"]
[WhiteElo "2230"]
[BlackElo "1910"]
[Result "1-0"]
[Round "1"]
1.e4 d5
2.exd5 Qd8xd5
3.Nb1c3 Qd5d8
4.d4 e6
5.Ng1f3 c6
6.Bf1d3 h6
7.O-O Ng8f6
8.Nc3e2 Nb8d7
9.Rf1e1 Bf8e7
10.Ne2g3 b6
11.c4 Bc8b7
12.h3 Qd8c7
13.Bc1e3 Be7b4
14.Re1e2 Bb4d6
15.Ng3f1 g5
16.Nf3d2 Bd6f4
17.Ra1c1 Bf4xe3
18.Nf1xe3 Qc7f4
19.d5 cxd5
20.cxd5 Nf6xd5
21.Ne3xd5 Bb7xd5
22.Bd3e4 Bd5xe4
23.Nd2xe4 Ra8d8
24.Ne4d6 Ke7
25.Nd6b7 Rd8b8
26.g3 Qf4f5
27.Qd1d6 Ke8
28.Rc1c7 Qf5f3
29.Qd6xd7 Kf8
30.Re2e3 { resign }
1-0

[Event "Match"]
[Site "www.echecsemail.com"]
[Date "2016.03.14"]
[Round "1"]
[White "Pare123"]
[Black "Pinehill"]
[WhiteElo "1930"]
[BlackElo "2030"]
[Result "1-0"]
[Round "1"]
1.c4 Ng8f6
2.Ng1f3 e6
3.Nb1c3 d5
4.cxd5 exd5
5.d4 c6
6.e3 Bc8f5
7.a3 Bf8d6
8.g3 Nb8d7
9.Bf1g2 O-O
10.O-O h6
11.Rf1e1 Rf8e8
12.b4 Nd7b6
13.Bg2f1 Qd8c7
14.Bf1d3 Bf5xd3
15.Qd1xd3 Nb6c4
16.Nf3d2 b5
17.Nd2xc4 bxc4
18.Qd3c2 a5
19.bxa5 Ra8xa5
20.a4 Nf6e4
21.Nc3xe4 Re8xe4
22.Bc1d2 Ra5a8
23.a5 Ra8e8
24.a6 h5
25.Ra1a2 h4
26.Kg2 hxg3
27.hxg3 Re4g4
28.Qc2f5 Re8e4
29.a7 g6
30.a8Q Kg7
31.Ra2a7 gxf5
32.Ra7xc7 Bd6xc7
33.Qa8xc6 Bc7xg3
34.fxg3 { resign }
1-0

[Event "Match"]
[Site "www.echecsemail.com"]
[Date "2016.03.14"]
[Round "1"]
[White "Bjornhn"]
[Black "Castletyme"]
[WhiteElo "1699"]
[BlackElo "1820"]
[Result "1-0"]
[Round "1"]
1.Ng1f3 Ng8f6
2.d4 e6
3.c4 b6
4.Nb1c3 Bf8e7
5.Bc1f4 O-O
6.e3 Bc8b7
7.Bf1e2 Bb7xf3
8.Be2xf3 c6
9.O-O  { time }
1-0

[Event "Match"]
[Site "www.echecsemail.com"]
[Date "2016.03.14"]
[Round "1"]
[White "Cathar"]
[Black "Genius2"]
[WhiteElo "2240"]
[BlackElo "1740"]
[Result "0-1"]
[Round "1"]
1.e4 e6
2.Qd1e2 c5
3.Ng1f3 Nb8c6
4.g3 d6
5.Bf1g2 Ng8f6
6.O-O Bf8e7
7.c3 O-O
8.d4 cxd4
9.cxd4 d5
10.e5 Nf6d7
11.Nb1c3 a6
{ resign }
0-1

[Event "Match"]
[Site "www.echecsemail.com"]
[Date "2016.03.14"]
[Round "1"]
[White "Fbeley"]
[Black "Pablincho"]
[WhiteElo "1799"]
[BlackElo "1830"]
[Result "1-0"]
[Round "1"]
1.e4 c5
2.Ng1f3 Nb8c6
3.d4 cxd4
4.Nf3xd4 Qd8a5
5.Nb1c3 Ng8f6
6.Nd4b3 Qa5c7
7.Bc1e3 e6
8.Qd1d2 Bf8b4
9.Bf1d3 e5
10.a3 Bb4xc3
11.Qd2xc3 d5
12.exd5 Nf6xd5
13.Qc3d2 h6
14.O-O O-O
15.Rf1e1 f5
16.Bd3c4  { time }
1-0